| 000 | 00812nam a2200289Ia 4500 | ||
|---|---|---|---|
| 003 | OSt | ||
| 005 | 20221006142532.0 | ||
| 006 | a|||||r|||| 00| 0 | ||
| 007 | ta | ||
| 008 | 221006b |||||||| |||| 00| 0 eng d | ||
| 020 |
_a0415080037 _c1248.75 |
||
| 024 | _a6,549 | ||
| 037 | _cTextual | ||
| 040 |
_aEASL _cEASL _beng |
||
| 041 |
_2eng _aeng |
||
| 082 | _aY:1.1.N90, N2 | ||
| 100 |
_aNORBU Dawa _9123514 |
||
| 245 | 0 | _aCulture and the politics of third world nationalism | |
| 260 |
_aNew York _bRoutledge _c1992 |
||
| 300 |
_a258p. _ccm. |
||
| 490 | _v Oth | ||
| 650 |
_a Culture and mass politics _9647903 |
||
| 650 |
_a Society nad nation _9647904 |
||
| 650 |
_aNationalism third world _9647905 |
||
| 942 |
_hY:1.1.N90, N2 _cTEXL _2CC |
||
| 999 |
_c1074635 _d1074635 |
||